000
00340nam a2200133Ia 4500
008
240624s9999 xx 000 0 und d
041
_a
eng
082
_a
823 SHA
100
_a
SHARMA ROBIN S
245
_a
MONK WHO SOLD HIS FERRARI A FABLE ABOUT
260
_c
2005
_a
Mumbai
_b
Jaico Publishing House
300
_a
198 : cm. ; 24
365
_c
RS
999
_c
2332
_d
2332